MDQL
is popping MORE tags! Check the
thread
!
Quizzes
Events
Quiz Creation
Community
Videos
Private Events
Remove Ads
Sign In
Join for FREE
Feedback
Dark Mode
Quiz Categories
Sports
Geography
Music
Movies
Television
Just For Fun
Miscellaneous
History
Literature
Language
Science
Gaming
Entertainment
Religion
Holiday
For Kids
Quiz Lab
Recent
Popular Today
Quiz Kudos Today
Editor Picks
Curator Picks
Quizzes by...
Day
Popularity
Type
Ratings
Length
Year
Community
Subscriptions
Recent Discussions
Orange Saloon
Badges
Playlists
Quests
Create
Leaderboards
Showdown
Live 5
Trivia Bingo
Activity
Puzzle Library
Sporcle Events
Private Events
Virtual Trivia
Globe League
Become a Host
Pub Owners
SporcleCon
Opinionation
Our Games
Videos
Blog
Mobile Apps
Partnerships
Remove Ads and Go Orange
Feedback
Geography
Country
Landmarks
City
State
Population
World
Capital
Continent
Flags
Europe
Africa
Asia
South America
North America
Oceania
Border
Canada
United Kingdom
Topography
United States
Geography
Country
Landmarks
City
State
Population
World
Capital
Continent
Flags
Europe
Africa
Asia
South America
North America
Oceania
Border
Canada
United Kingdom
Topography
United States
Random Quiz
Search Sporcle
×
Quiz Lab
Quiz Lab
Geography
Continent
Type in answers that appear in a list
Type in answers that appear in a list
Classic
Best Score? Go Orange.
Biggest islands on each continent Stats
Can you name the biggest islands on each continent?
By
HotSkitty
7m
30 Questions
569 Plays
569 Plays
569 Plays
Comments
Comments
Give Quiz Kudos
Give Quiz Kudos
-
- Ratings
hide this ad
More Info
Replay
Link that replays current quiz
Next Quiz
Link to next quiz in quiz playlist
You Got
0%
They Got
Avg Score
39%
Avg Friend Score
Upgrade to see
Score Distribution
Jump to the score distribution portion of the page
Score
0/30
Timer
07:00
0
Plays Today
Continent
Island
% Correct
Africa
Madagascar
90.2%
North America
Greenland
89.1%
Europe
Iceland
78.4%
Europe
Ireland
77.5%
Europe
Great Britain
71.5%
Asia
Borneo
62%
Oceania
South Island
61.3%
Oceania
North Island
61.2%
North America
Baffin Island
59.2%
Asia
Sumatra
55.7%
Asia
Honshū
52.9%
Oceania
Tasmania
45.3%
Oceania
New Guinea
40.8%
North America
Newfoundland
39%
Asia
Java
38.8%
Continent
Island
% Correct
North America
Victoria Island
37.4%
North America
Ellesmere Island
35.5%
Africa
Mauritius
35.3%
Asia
Sulawesi
31.6%
South America
Isla Grande de Tierra del Fuego
20.6%
Africa
Zanzibar
15.3%
Europe
Spitsbergen
14.6%
Oceania
New Britain
12.8%
South America
East Falkland
9%
Africa
Grande Comore
6.2%
Africa
Bioko
4.6%
South America
Chiloe
4.4%
Europe
Severny Island
4.2%
South America
Bananal
3.2%
South America
Hoste Island
1.6%
Quiz Playlist
Details
Report
Send in Message
Add To Playlist
More Info:
Size is in kilometres squared.
Classic:
Type in answers that appear in a list
Last Updated: Feb 16, 2017
Quiz Scoreboard
CHALLENGE
Sign Up to Join the Scoreboard
Show All
Scores
Hide
Comments
May contain spoilers
Recently Published
1-10 Letter E Words III
by El_Dandy
Language
2m
Street Fighter Characters
by Artimus82
Gaming
60s
College Basketball Coaching Resumes
by pancakes188
Sports
9m
More to Explore
Quiz From the Vault
Featured Blog Post
Where Did the Easter Bunny Come From?
hide this ad
You Might Also Like...
Tags
Continent Quiz
biggest
island
Today's Top Quizzes in Geography
Browse Geography
hide this ad
Today's Top Quizzes in Continent
Browse Continent
Top Contributed Quizzes in Geography
1
Countries of the World - No Outlines Minefield
2
Top 25 Cities of France on a map
3
Any capital of a 'B' country per Continent
4
Any capital of a 'C' country per Continent
5
Closest Countries to UK A-Z
6
Any capital of a 'D' country per Continent
7
5-to-1: US Geography No Hints
8
Any capital of an 'E' country per Continent
9
Find the US States - No Outlines
10
Any capital of an 'F' country per Continent
Explore More
Trending Topics
Anime
Marvel
Disney
Harry Potter
Kpop
NBA
Crossword
NFL
Soccer
Country
WWE
The Office
Pokémon
Puzzle
Song
hide this ad
More By:
HotSkitty
Quiz
Plays
Rating
Category
Featured
Created
Biggest cities in timezones
4,773
4.48
Geography
Sep 30, 2009
Starter Pokémon
3,048
4.73
Gaming
Sep 23, 2009
Poorest Countries
827
3.63
Geography
Sep 23, 2009
Biggest islands on each continent
569
3.22
Geography
Dec 7, 2009
Internet users per capita
260
5.00
Miscellaneous
Sep 26, 2009
Go to Creator's Profile
Score Distribution
Quiz Creator Spotlight
HotSkitty
Follow
Send a Message
Quizzes Created
-
Created Quiz Play Count
-
More By This Creator
Popular Quizzes Today
1
Find the US States - No Outlines Minefield
2
Find the Countries of Europe - No Outlines Minefield
3
The Countries of the World
4
Find the US States
5
Risky Map Clicking: Biggest States A-Z
6
US States
7
Popular People in 1961
8
Movies - When Are They Set?
More Geography Quizzes
Flipped Flags
Published
Trending Quizzes
Risky Map Clicking: Least Populous States A-Z
Billboard Blitz: Aretha Franklin
Famous Russians: Author or Composer?
Countries of the World: 200 Million BC
1-10 Letter G Words
Recently Updated
Leaping Animals
pecheneg
Reality TV Shows (A-Z)
bhenderson79
Rickey Henderson's Hall of Fame Teammates
pecheneg
Champions League XIs: Arsenal
pecheneg
Quick Pick: Celebrities in WWE's Hall of Fame
aduchscher
A-Z Keypad Blitz II
pecheneg
Multiple Oscar Actors
pecheneg
Mystery Phrase Blitz: Oscar 'Best Actors'
pecheneg
F. Scott Fitzgerald Novels
LTH
Pick 3 Villains
ddd62291
Trending Topics
Kpop
Crossword
Disney
Marvel
Harry Potter
NBA
Anime
Song
The Office
NFL
Soccer
WWE
Puzzle
Country
Pokémon
Your Account Isn't Verified!
In order to create a playlist on Sporcle, you need to verify the email address you used during registration. Go to your
Sporcle Settings
to finish the process.
Report this User
Report this user for behavior that violates our
Community Guidelines
.
Details:
Send Report
Go to the Sporcle.com Mobile Site →
Comments